INTERNET A SLOVENSKÝ MLIEKÁRENSKÝ PRIEMYSEL

Bibliographic Details
Main Authors: Kozinka, T. (Author), Hnilica, D. (Author)
Format: Article
Language:Slovak

MARC

LEADER 00000nab a2200000 a 4500
001 vtls010721128
003 SK-MaSNL
005 20260304185731.0
008 250709s1998 xo |||||||||||||||||slo|
035 |a (urnnbn)urn:nbn:sk:snk:ar-a04rl7 
035 |a (uuid)543e56cc-90cb-4805-9892-5306dc2869a0 
035 |a urn:nbn:sk:snk-ab3m1j 
040 |a SNKBUCL  |b slo  |c SNKBUCL  |e AACR2 
041 0 |a slo 
044 |a xo  |c SK 
100 1 |a Kozinka, T.  |4 aut  |9 1520305 
245 1 0 |a INTERNET A SLOVENSKÝ MLIEKÁRENSKÝ PRIEMYSEL  |c T. Kozinka, D. Hnilica 
700 1 |a Hnilica, D.  |4 aut  |9 1520306 
773 0 |t Mliekarstvo : bulletin pre internú potrebu výrobcov a spracovateľov mlieka  |g Roč. 29, č. 1 (1998), s. 43-45 
850 |a Slovenská národná knižnica 
852 |a Slovenská národná knižnica 
954 |a odborná, vedecká literatúra pôvodná (slovenská)  |2 lita 
958 |a article1 
958 |a OND 
958 |a EUIPO 
999 |c 3045713  |d 3047643